A "magyar kártya" Szlovákiában. {Problema maghiara in Slovacia}. [The Hungarian issue in Slovakie]

Elmentve itt :
Bibliográfiai részletek
Szerző: GRENDEL Lajos
Adatforrás:Meister
Forrásdokumentuma:A Hét. -
2001. 22, 9-10.
Nyelv:magyar
Kulcsszavak:politikai analízis
analiza politica
political analysis
Szlovákia
Slovacia
Slovakie
national issue
kisebbségi kérdés
problema nationala
szlovákiai magyarok
maghiari din slovacia
Hungarians from Slovakie
LEADER 00752nab a2200253 i 4500
001 bibPRO00011545
008 080908s2001 xx hun
040 |a Sz1 
041 |a hun 
100 1 |a GRENDEL Lajos 
245 1 3 |a A "magyar kártya" Szlovákiában. {Problema maghiara in Slovacia}. [The Hungarian issue in Slovakie]  |c GRENDEL Lajos 
695 |a politikai analízis 
695 |a analiza politica 
695 |a political analysis 
695 |a Szlovákia 
695 |a Slovacia 
695 |a Slovakie 
695 |a national issue 
695 |a kisebbségi kérdés 
695 |a problema nationala 
695 |a szlovákiai magyarok 
695 |a maghiari din slovacia 
695 |a Hungarians from Slovakie 
773 0 |t A Hét. -  |g 2001. 22, 9-10.